Top 10 Einwanderungsländer Österreichs 2025 - Statistiken

Allgemein
  • Dieses Quiz wurde 50 mal gespielt
  • Das Durchschnittsergebnis liegt bei 7 aus 9
Antwortstatistiken
Hint Antwort % Korrekt
239 452 Deutschland
96%
124 788 Türkei
93%
122 459 Serbien
83%
87 927 Ukraine
83%
104 833 Syrien
80%
109 359 Kroatien
78%
112 376 Ungarn
78%
100 764 Bosnien und Herzegowina
74%
155 715 Rumänien
74%
Keine übereinstimmenden Quizze gefunden
Verteilung der Resultate
Anzahl Personen mit jedem Resultat
Perzentil nach korrekt beantworteten Fragen
Ihre Resultats-Entwicklung
Sie haben dieses Quiz noch nicht gespielt